Land vs. Land #45 - Statistiken

Allgemein
  • Dieses Quiz wurde 24 mal gespielt
  • Das Durchschnittsergebnis liegt bei 11 aus 14
Antwortstatistiken
Frage Antwort % Korrekt
...Einwohner? Papua-Neuguinea🇵🇬
100%
...Militär? Papua-Neuguinea🇵🇬
100%
...Fläche? Papua-Neuguinea🇵🇬
95%
...Bruttoinlandsprodukt? Papua-Neuguinea🇵🇬
91%
...Exportmengen? Papua-Neuguinea🇵🇬
91%
...Frieden? Mikronesien🇫🇲
82%
...Happy Planet Index? Mikronesien🇫🇲
77%
...Lebenserwartung? Mikronesien🇫🇲
77%
...Tourismus? Papua-Neuguinea🇵🇬
68%
...Gesundheitswesen? Mikronesien🇫🇲
64%
...durchschnittlicher IQ? Mikronesien🇫🇲
59%
...Bruttoinlandsprodukt pro Kopf? Mikronesien🇫🇲
50%
...HDI (Human Development Index)? Mikronesien🇫🇲
50%
...Gewinner? Mikronesien🇫🇲
45%
Keine übereinstimmenden Quizze gefunden
Verteilung der Resultate
Anzahl Personen mit jedem Resultat
Perzentil nach korrekt beantworteten Fragen
Ihre Resultats-Entwicklung
Sie haben dieses Quiz noch nicht gespielt